00865nam a2200217 a 450000100100000000500170001000800410002702000150006804000250008308200150010810000330012324500690015626000720022530000280029749000400032550000740036550400310043983000470047095201130051799900170063000004170420201002035716.0131016s2003 sp a 000 0 spa d a8400081420 aDO-SdBNPbspacBNPHU axxxbL791h1 aLlera, José Antonio96852113aEl humor verbal y visual de la Codorniz /cJosé Antonio Llera. aMadrid :bConsejo Superior de Investigaciones Científicas,c2003. a447 p. :bil. ;c24 cm.1 aAnejos de Revista de literaturav58 aIncluye referencias bibliográficas y notas al pie de las páginas. aBibliografía: p. 397-433 0aAnejos de Revista de literaturan58968522 001050718MOaGRbGRcCTd2013-10-16iLF1l0oxxx L791hp41704-10r2020-06-25w2020-06-25y1ZNo se presta c41193d41193